00636nam a22001937a 450000500170000000800410001701000140005802000150007202000160008703500130010308200160011624501440013226000390027626000090031530000180032450000500034270000240039270000260041620081022121542.0081022t xxu||||| |||| 00| 0 eng d aENG-84313 a0195686748 c675.00 (hb) aEN-67846 a320.8091724 aDecentralization and local governance in developing countries :ba comparative perspective /cedited by Pranab Bardhan and Dilip Mookherjee aNew DelhibOxford University Press c2007 avi,363pc23cm aIncludes bibliographical references and index aBardhan, Pranabced aMookherjee, Dilipced